|
|
|
|
| LEADER |
00881nab a2200253 i 4500 |
| 001 |
publ20179 |
| 005 |
20210111160417.0 |
| 008 |
210111s2020 hu o 0|| zxx d |
| 022 |
|
|
|a 2005-8624
|
| 024 |
7 |
|
|a 10.12989/mwt.2020.11.6.383
|2 doi
|
| 024 |
7 |
|
|a 31796885
|2 mtmt
|
| 040 |
|
|
|a SZTE Publicatio Repozitórium
|b hun
|
| 041 |
|
|
|a zxx
|
| 100 |
1 |
|
|a Kertész Szabolcs
|
| 245 |
1 |
0 |
|a Single- and multi-stage dairy wastewater treatment by vibratory membrane separation processes
|h [elektronikus dokumentum] /
|c Kertész Szabolcs
|
| 260 |
|
|
|c 2020
|
| 300 |
|
|
|a 383-389
|
| 490 |
0 |
|
|a MEMBRANE WATER TREATMENT
|v 11 No. 6
|
| 700 |
0 |
1 |
|a Szerencsés Szabolcs Gyula
|e aut
|
| 700 |
0 |
1 |
|a Veréb Gábor
|e aut
|
| 700 |
0 |
1 |
|a Csanádi József
|e aut
|
| 700 |
0 |
1 |
|a László Zsuzsanna
|e aut
|
| 700 |
0 |
1 |
|a Hodúr Cecilia
|e aut
|
| 856 |
4 |
0 |
|u http://publicatio.bibl.u-szeged.hu/20179/1/MWT.pdf
|z Dokumentum-elérés
|